000 00890nac a22002771i 4500
003 EG-ScBUE
005 20250731091326.0
008 250731r20081943ii a f 000 0 eng d
020 _a812190546X
020 _a9788121905466
040 _aEG-ScBUE
_beng
_erda
_cEG-ScBUE
_dEG-ScBUE
082 0 4 _a541
_bBAH
_222
100 1 _aBahl, B. S.,
_eauthor.
245 1 0 _aEssentials of physical chemistry /
_cB.S. Bahl, Arun Bahl, G.D. Tuli.
250 _aReprint edition.
264 1 _aNew Delhi :
_bS. Chand & Company LTD,
_c2008.
300 _a1040 pages :
_billustrations ;
_c25 cm
336 _2rdacontent
_atext
_btxt
337 _aunmediated
_2rdamedia
_bn
338 _avolume
_bnc
_2rdacarrier
650 7 _aChemistry, Physical and theoretical.
_2BUEsh
655 _vReading book
700 1 _aBahl, Arun,
_eauthor.
700 1 _aTuli, G.D.,
_eauthor.
942 _cBB
_2ddc
999 _c8418
_d8418